000 00893cam a2200301 a 4500
001 2017096
003 PILC
005 20160204100129.0
008 910205s1991 nyu 000 1 eng
010 _a 91055099
020 _a9780061090967
040 _aDLC
_cDLC
_dDLC
_dOCoLC
043 _af-eg---
050 0 0 _aPR 6054.E37
_b.D324 1992
082 0 0 _aFIC
_bD36m 1991
100 1 _aDeighton, Len,
_d1929-
_920697
245 1 0 _aMamista
_cLen Deighton
250 _a1st ed.
260 _aNew York :
_bHarperPaperbacks,
_cc1992.
300 _a455 p. :
_c17 cm.
562 _e1
650 _aFiction
_9746
655 7 _aWar stories.
_2gsafd
_94878
906 _a7
_bcbc
_corignew
_d1
_eocip
_f19
_gy-gencatlg
942 _2lcc
_cBK
999 _c11594
_d11594